[Event "36th Mitropa Cup Open 2018"]
[Site "Isola Capo Rizzuto"]
[Date "2018.06.01"]
[Round "2.19"]
[White "Sochacki, Christophe"]
[Black "Tica, Sven"]
[Result "0-1"]
[WhiteElo "2459"]
[BlackElo "2444"]
[Annotator "TA"]
[PlyCount "102"]
[EventDate "2018.05.31"]
[EventType "team-tourn"]
[EventCountry "ITA"]
[SourceTitle "playchess.com"]
[Source "ChessBase"]
[SourceQuality "1"]
[WhiteTeam "France"]
[BlackTeam "Croatia"]
[WhiteTeamCountry "FRA"]
[BlackTeamCountry "CRO"]

{[%evp 15,102,28,29,31,48,21,21,12,12,14,29,11,21,-10,7,0,0,0,80,0,0,0,0,0,31,14,25,31,26,25,20,0,0,-168,-149,-158,-162,-149,-146,-196,-117,-401,-417,-414,-309,-269,-347,-280,-292,-295,-295,-463,-443,-451,-354,-467,-331,-354,-364,-422,-435,-433,-401,-320,-280,-506,-459,-642,-645,-629,-615,-618,-599,-653,-651,-748,-560,-937,-1043,-1006,-966,-998,-970,-1838,-1625,-1784,-1755,-29984,-29985]} 1. e4 c6 2. Nc3 d5 3. Nf3 Nf6 4. e5 Ne4 5. d4 Nxc3 6. bxc3 {B11: Caro-Kann (Zweispringer-Variante)} Bg4 (6... c5 7. Rb1 Nc6 8. dxc5 e6 9. Bd3 Bxc5 10. O-O h6 11. Qe2 O-O 12. c4 Nb4 13. Be3 Nxd3 14. cxd3 Bxe3 15. Qxe3 dxc4 16. dxc4 {½-½ (32) Short,N (2698)-Tari,A (2588) Douglas 2017}) 7. h3 Bxf3 8. Qxf3 e6 {LiveBook: 18 Partien} 9. a4 Nd7 $146 ({Vorgänger:} 9... a6 10. Bd2 c5 11. Rb1 Qc7 12. c4 Nc6 13. c3 dxc4 14. Bxc4 cxd4 15. cxd4 {½-½ (59) Ehlvest,J (2578)-Khamrakulov,D (2442) Jakarta 2013}) 10. Bd3 c5 11. O-O c4 12. Be2 Be7 13. Qg4 g6 14. a5 Nb8 15. Bh6 Nc6 16. f4 Kd7 (16... a6 $11) 17. Kh1 (17. Bxc4 $1 $16 dxc4 18. d5) 17... Bf8 $11 18. Bg5 Be7 19. Bh6 Kc7 (19... Bf8 $5 {[%cal Rf8h6]} 20. Bg5 Be7 $11) 20. f5 gxf5 21. Qh5 Qg8 22. g4 $1 {[%cal Rg4f5]} fxg4 $1 23. Bxg4 Nd8 24. Rf6 $2 (24. Rg1 $1 $11 {und Weiss steht sicher.} Qg6 25. Bd1) 24... Bxf6 $19 25. exf6 Qg6 26. Qe5+ Kc6 {[%cal Bc7c6,Bc6b5,Bb5a6][%mdl 32]} 27. Bg7 Re8 (27... Rg8 $19 28. Ra2 h6) 28. Re1 $2 {[%mdl 8192]} (28. Ra4 $17 {ist wohl besser.}) 28... Qxc2 29. Bh6 Qxc3 30. Bf4 {Weiss droht Dc7+ und Matt.} Qb4 $1 ({Jedoch nicht} 30... Kb5 31. Rb1+ Ka6 32. Qd6+ Nc6 33. Qd7 $17) 31. Qc7+ Kb5 32. Bd2 Qb2 $1 (32... Qxd2 33. Rb1+ Ka6 34. Rb6+ $1 {[%mdl 512]} Kxa5 35. Qc5+ Ka4 36. Rb1 Re7 37. fxe7 $18) 33. Bc3 {[#]} (33. Bc1 $142 Qf2 34. Bd2 $1 {[%mdl 512]}) 33... Qc2 $1 {Und weiter mit ...h5 wäre nett.} (33... Qxc3 34. Rb1+ Ka4 35. Qc5 Qd2 36. Ra1+ Kb3 37. Qa3+ Kc2 38. Ra2+ Kb1 39. Rxd2 c3 40. Qxc3 Rh8 41. Qb2#) 34. Qd7+ Ka6 35. Qxe8 Qxc3 36. Rb1 {[%csl Gb1][%cal Re8b5]} Qxa5 37. Bxe6 fxe6 ({Schwächer ist} 37... Nxe6 38. Qxa8 Nd8 39. Rf1 $17) 38. f7 {[#]} Nxf7 $1 39. Qxa8 {[%csl Gb1][%cal Ra8b7][%mdl 4096] Endspiel KDT-KDS} (39. Qxf7 b6) 39... Nd6 40. Qf8 $2 (40. Qg8 {ist der einzige Weg für Weiss..}) 40... Qa3 41. Qh6 Qf3+ 42. Kg1 Qe4 43. Qc1 {[%cal Rc1a3]} Qxd4+ 44. Kh1 {[%cal Rc1a3]} Nb5 45. Rb2 {Und Da1+ würde nun gewinnen.} Kb6 46. Qa1 {zielt auf Txb5+! ab.} c3 47. Re2 e5 {[%cal Be6e5,Be5e4][%mdl 32]} 48. Qf1 e4 49. Qc1 Qd3 50. Qh6+ Kc5 51. Ra2 Qb1+ {Precision: Weiß = 33%, Schwarz = 75%.} 0-1

[Event "36th Mitropa Cup Open 2018"]
[Site "Isola Capo Rizzuto"]
[Date "2018.06.01"]
[Round "2.20"]
[White "Srbis, Jurica"]
[Black "Guidarelli, Laurent"]
[Result "0-1"]
[WhiteElo "2416"]
[BlackElo "2464"]
[Annotator "TA"]
[PlyCount "130"]
[EventDate "2018.05.31"]
[EventType "team-tourn"]
[EventCountry "ITA"]
[SourceTitle "playchess.com"]
[Source "ChessBase"]
[SourceQuality "1"]
[WhiteTeam "Croatia"]
[BlackTeam "France"]
[WhiteTeamCountry "CRO"]
[BlackTeamCountry "FRA"]

{[%evp 21,130,43,41,39,65,26,36,0,0,0,3,22,16,0,33,8,18,0,0,-14,-11,-19,-2,-5,-4,-16,-4,-47,-58,-85,-85,-149,-59,-66,-69,-69,-53,-27,-16,-37,0,0,0,-22,-17,-98,-98,-95,-91,-101,-109,-90,-86,-111,-118,-119,-122,-121,-93,-89,-87,-93,-96,-170,-95,-85,0,-158,-164,-195,-199,-441,-422,-439,-465,-682,-688,-989,-988,-968,-988,-921,-929,-762,-595,-575,-520,-510,-489,-496,-496,-5057,-1964,-29973,-29974,-29974,-29975,-29976,-29977,-29977,-29978,-29978,-29978,-29978,-29979,-29979,-29980,-29980,-29980,-29975,-29969]} 1. e4 d6 2. d4 Nf6 3. Nc3 g6 4. Be3 c6 5. Qd2 b5 6. Bd3 Nbd7 7. Nf3 Qc7 8. h3 {B07: Pirc Defence: Miscellaneous Systems} Bb7 9. Ne2 e5 10. Ng3 Bg7 11. O-O O-O {LiveBook: 6 Games} 12. dxe5 dxe5 13. Bh6 $146 ({Predecessor:} 13. c4 a6 {1-0 (43) Topalov,V (2735)-Ivanchuk,V (2716) Monte Carlo 2004}) 13... Rfd8 14. Rad1 Ne8 15. Bxg7 Nxg7 16. Qh6 Nf8 17. Qg5 (17. a4 {with more complications.} a6 18. Nh2 Bc8 19. b3 Be6 20. h4) 17... Re8 18. h4 Qe7 19. Qe3 h5 20. c3 Bc8 21. a4 a6 22. Ra1 {aiming for axb5.} Bg4 23. Ng5 $1 Nh7 24. Bc2 Nxg5 25. hxg5 h4 26. f3 (26. Nh1 $142) 26... Bd7 (26... hxg3 $6 27. fxg4 Ne6 28. Qxg3 $15) ({Black should try} 26... Be6 $1 $17 27. Ne2 Bc4) 27. Ne2 $15 Ne6 28. Rfd1 Red8 29. axb5 cxb5 30. Bb3 Qxg5 31. Qxg5 Nxg5 32. Bd5 Ra7 33. f4 (33. Nc1 $11 {keeps the balance.}) 33... exf4 $17 34. Nxf4 Bg4 35. Rd4 {next Nxg6 is good for White.} Kg7 36. Rb4 Bd7 37. Kf2 a5 38. Rd4 Rh8 39. e5 h3 40. gxh3 Nxh3+ 41. Nxh3 Rxh3 42. Rf4 {[#]} (42. Rh1 $17) 42... Bf5 (42... Be8 $1 $19 43. Kg1 Rh5) 43. Rb4 Bd7 ({But not} 43... axb4 44. Rxa7 Kh6 45. Rxf7 $11) (43... Re7 $142 44. Rxb5 Rxe5 45. Rbxa5 Rd3) 44. Rf4 {[#]} Be8 $1 45. Bf3 Rh2+ 46. Kg3 $2 (46. Bg2) 46... Rxb2 $19 47. Rh4 {If White can now play Rah1 this consolidates a bit.} Rc7 48. Rxa5 (48. c4 $142 bxc4 49. Rah1) 48... Rxc3 49. Ra7 Bc6 50. Rf4 Bd5 51. Rd7 Be6 52. Re7 Re2 53. Rc7 Rxc7 54. Bxe2 {[%mdl 4096] Endgame KRB-KRB} Rc5 55. Rb4 Bc4 56. Bxc4 (56. Kf2 $142) 56... bxc4 {[%cal Bb5c4,Bc4c3,Bc3c2][%mdl 32] KR-KR} ({Less strong is} 56... Rxc4 57. Rxb5 g5 58. Rb2 $17) 57. Kf4 c3 {Black mates.} 58. Rb1 c2 59. Rc1 Kf8 60. Ke4 Ke7 61. Kd4 Rc7 62. Kd5 Rc8 63. Kd4 Ke6 64. Ke4 Rc4+ 65. Kd3 Kd5 {Precision: White = 37%, Black = 72%.} 0-1

[Event "36th Mitropa Cup Open 2018"]
[Site "Isola Capo Rizzuto"]
[Date "2018.06.02"]
[Round "3"]
[White "Vocaturo, Daniele"]
[Black "Huschenbeth, Niclas"]
[Result "1/2-1/2"]
[WhiteElo "2608"]
[BlackElo "2578"]
[Annotator "TA"]
[PlyCount "179"]
[EventDate "2018.05.31"]
[EventType "team-tourn"]
[EventCountry "ITA"]
[SourceTitle "playchess.com"]
[Source "ChessBase"]
[SourceQuality "1"]
[WhiteTeam "Italy"]
[BlackTeam "Germany"]
[WhiteTeamCountry "ITA"]
[BlackTeamCountry "GER"]

{[%evp 18,179,61,35,38,27,44,40,29,41,23,22,50,25,35,-5,-5,-12,0,0,0,0,10,0,28,0,18,12,13,0,34,39,48,0,0,-7,23,-17,-16,-269,-56,-89,-93,-149,-165,-173,-162,-185,-184,-205,-137,-196,-187,-268,0,-177,0,-286,-275,-268,-254,-412,-218,-230,-234,-239,-240,-226,-222,-249,-229,-256,-163,-233,-234,-217,-140,-157,-17,-21,-21,-119,-97,-110,-37,-37,-37,-37,-37,-37,-37,-61,-61,-61,-61,-61,-5,-61,-61,-61,-61,-114,0,0,0,-156,-116,-442,-442,-444,-452,-452,-452,-427,-427,-410,-410,-657,-671,-481,-287,-286,-284,-576,-575,-1440,-1450,-1289,-365,-329,0,0,0,0,0,0,0,-1,0,0,0,0,0,0,0,0,0,0,0,0,0,0,0,0,0,0,0,0,0,0,0,0,0,0]} 1. e4 c5 2. Nf3 d6 3. d4 cxd4 4. Nxd4 Nf6 5. Nc3 a6 6. Be3 e6 7. a3 {B80: Sizilianisch (Scheveninger System)} (7. f3 h5 8. Be2 Qc7 9. O-O b5 10. Qd2 Nbd7 11. b4 d5 12. exd5 Bxb4 13. Ncxb5 axb5 14. Qxb4 Nxd5 15. Qd2 Nxe3 16. Qxe3 {½-½ (39) Vidit,S (2707)-Grandelius,N (2651) Malmo 2018}) 7... b5 8. g4 Bb7 9. Bg2 Nfd7 10. g5 {LiveBook: 3 Partien} Nc6 11. O-O (11. h4 {feels hotter.} Nce5 12. f4 Nc4 13. Bc1 Rc8 14. Qf3) 11... Be7 12. Nxc6 Bxc6 13. f4 O-O $146 ({Vorgänger:} 13... Rc8 14. Rf3 {0-1 (33) Krause,B (2337)-Noe,C (2332) Hannover 2014}) 14. Qg4 Re8 15. Rad1 Bf8 16. e5 Bxg2 17. Qxg2 Qc7 18. exd6 Bxd6 19. Ne4 $36 {[%mdl 2048] Weiss hat Druck.} Bf8 20. Rd3 Kh8 21. Rf3 f5 22. gxf6 Nxf6 23. Rh3 Rad8 24. Bd4 Qf7 25. Ng5 Qg6 26. Nf3 Qe4 27. Re3 Qxf4 28. Rh4 $2 {[%mdl 8192] [#]} (28. c3 $11 {und Weiss ist OK.}) 28... Qc7 $2 (28... Qxh4 $1 $19 {[%mdl 512]} 29. Nxh4 Rxd4) 29. c3 Bc5 30. Qe2 (30. Qg3 $142 Qb6 31. Qg5 Bxd4 32. cxd4) 30... Bxd4 $17 31. Rxd4 Rxd4 32. Nxd4 e5 33. Qf3 Qc5 34. Qf5 (34. Qc6 $17 {war angesagt.} Qf8 35. Nf5) 34... Qd6 $19 35. Nf3 (35. Nc2 $142) 35... Qc5 36. Nd4 $1 Qd6 (36... Re7 $142 37. h3 Kg8) 37. Nf3 $1 {[%cal Re3e5]} Qb6 38. Nd4 g6 39. Qf2 $2 (39. Qf3 {war die einzige Verteidigung.}) 39... Qd6 (39... Ng4 $142 40. Qf7 Qd8) 40. Qg3 Nd5 41. Re1 Nf4 42. Qe3 Qd5 {[%csl Gf4][%cal Rd5g2]} 43. Nf3 Kg7 44. b3 Nd3 45. Re2 (45. Rd1 $142 e4 46. Nd4) 45... Rf8 46. Ng5 Rf4 {zielt auf ...Tg4+ ab.} 47. h3 Kh6 (47... h6 $1 $17 {[%cal Rh6g5]} 48. Rd2 hxg5 49. Rxd3 Qe6) 48. Ne4 $11 a5 49. Nf6 (49. Kh2 $11 {hält das Gleichgewicht.}) 49... Qf3 $17 50. Ng4+ Kg7 (50... Kh5 $1 $17 51. Nh2 Qxe3+ 52. Rxe3 e4) 51. Nxe5 $15 Nxe5 52. Qxe5+ {[%mdl 4096] Endspiel KDT-KDT} Kh6 53. Qe3 a4 54. bxa4 bxa4 55. Qd2 Kh5 56. Rg2 Rf5 ({Günstiger ist} 56... h6 $15 57. Kh2 g5) 57. Qd7 (57. Kh2 $11) 57... Qf1+ 58. Kh2 {[%cal Rd7h7]} Qf4+ 59. Kh1 ({Besser ist} 59. Rg3 $15) 59... Qf1+ 60. Kh2 {[%cal Rd7h7]} Qf4+ 61. Kh1 Kh6 {...Dc1+ ist eine echte Drohung.} 62. Qd3 $2 {[%mdl 8192]} (62. Qd4 $17 {war die entscheidende Verteidigung.}) 62... Qf1+ $1 $19 63. Qxf1 Rxf1+ {KT-KT} 64. Kh2 Rc1 65. Rg3 {[#]} Rc2+ $1 66. Kg1 Kh5 67. Kf1 (67. Rg4 $142 Rxc3 68. Rxa4) 67... Kh4 68. Rd3 Rh2 (68... h5 $142 69. Ke1 g5) 69. Rd4+ Kxh3 70. Rxa4 $2 (70. Rd3+ {ist eine bessere Verteidigung.} Kg4 71. Rd4+ Kf3 72. Rd3+ Kg4 73. Rd4+ Kf3 74. Rd3+ Kf4 75. Rd4+ Kf3) 70... g5 {[%cal Bg6g5,Bg5g4][%mdl 32]} 71. Ra5 g4 72. c4 Kg3 $2 (72... Rh1+ 73. Ke2 g3 74. Rh5+ Kg2) 73. Rd5 {[#]} Rc2 $2 (73... Rh1+ $1 $19 74. Ke2 Rh2+ 75. Kd3 Ra2) 74. c5 $1 $11 {Die Stellung ist ausgeglichen.} Kh4 {Droht stark ...Tc4.} 75. a4 Ra2 76. c6 Rc2 77. Rd6 Rc5 78. a5 Rxa5 {Droht ...h5 und aus.} 79. c7 Rc5 80. Rh6+ Kg3 81. Rxh7 Rc1+ 82. Ke2 Kg2 83. Kd2 Rc6 84. Ke3 g3 85. Kd4 Kf2 86. Kd5 Rc1 87. Kd6 g2 88. Rg7 Rxc7 {[#]} 89. Rxg2+ $1 {[%mdl 512]} Kxg2 90. Kxc7 {Precision: Weiß = 39%, Schwarz = 53%.} 1/2-1/2

[Event "36th Mitropa Cup Open 2018"]
[Site "Isola Capo Rizzuto"]
[Date "2018.06.02"]
[Round "3"]
[White "Bogner, Sebastian"]
[Black "Dragnev, Valentin"]
[Result "1/2-1/2"]
[WhiteElo "2589"]
[BlackElo "2489"]
[Annotator "TA"]
[PlyCount "114"]
[EventDate "2018.05.31"]
[EventType "team-tourn"]
[EventCountry "ITA"]
[SourceTitle "playchess.com"]
[Source "ChessBase"]
[SourceQuality "1"]
[WhiteTeam "Switzerland"]
[BlackTeam "Austria"]
[WhiteTeamCountry "SUI"]
[BlackTeamCountry "AUT"]

{[%evp 20,114,17,11,47,37,74,0,-10,0,0,-18,0,0,0,0,0,-33,0,0,0,-8,-12,-19,2,-50,-48,-55,-57,-53,0,0,0,0,0,0,0,0,0,0,0,0,0,0,17,17,28,33,45,16,16,0,18,12,12,6,6,9,8,7,16,18,22,20,40,11,12,14,13,14,14,0,14,0,0,0,0,0,0,0,0,0,14,0,0,0,0,0,0,0,0,0,0,0,0,0,0]} 1. d4 Nf6 2. c4 e6 3. Nc3 Bb4 4. Qc2 d5 5. cxd5 exd5 6. Bg5 {[%cal Bc1g5,Bg5h4,Bh4g3,Bg3h2][%mdl 32]} h6 7. Bh4 Nc6 {E35: Nimzo-Indian: Classical: 4...d5 5 cxd5 exd5} 8. e3 g5 9. Bg3 h5 10. h3 Ne4 11. Bh2 $1 {LiveBook: 3 Games} Bf5 $146 ({Predecessor:} 11... Qe7 12. Nf3 g4 13. Ne5 g3 14. Bxg3 Nxg3 15. Nxc6 bxc6 16. fxg3 Qxe3+ {0-1 (53) Cuenca Jimenez,J (2492)-Matlakov,M (2701) Caleta 2017}) 12. Bd3 $1 Qf6 13. f3 ({White should try} 13. Nge2 $16) 13... Nxc3 $11 14. bxc3 Bxd3 15. Qxd3 Bd6 16. Bxd6 Qxd6 17. Ne2 O-O-O 18. e4 f6 19. Rb1 g4 20. Qb5 gxf3 21. gxf3 ({Don't blunder} 21. Qxb7+ $2 Kd7 $19) 21... dxe4 22. fxe4 (22. Qxb7+ $11 Kd7 23. Qb5 exf3 24. Qf5+ Qe6 25. Qxf3) 22... b6 $15 23. Rf1 Kb7 24. a4 Ka8 (24... a5 $15) 25. Qd5 $11 Qxd5 26. exd5 Rxd5 27. Rxf6 Kb7 28. Rb5 Rd7 29. Nf4 h4 30. Kf2 Rg7 31. Ne6 Rg3 32. Nc5+ Kc8 33. Ne4 Nxd4 $1 34. cxd4 Rxh3 35. Rf3 Rh2+ 36. Kg1 Ra2 37. Nc3 Rd2 38. d5 Rg8+ 39. Kf1 Rg4 40. Rb1 Rc2 41. Re1 Kb7 42. Re7 {[#] Black must now prevent d6.} Rc4 {The position is equal.} 43. Ree3 Ka6 44. Ke1 Ka5 45. Kd1 Rg2 46. Re2 Rxe2 47. Kxe2 {[%mdl 4096] Endgame KRN-KR} Kb4 48. Nd1 {Ne3 is the strong threat.} Kc5 49. Ne3 Rxa4 50. Rf6 Ra2+ 51. Kf3 {And now Rc6+ would win.} h3 52. Rc6+ Kd4 53. Rxc7 h2 54. Rh7 Kc5 55. Rc7+ Kd4 56. Rh7 Kc5 57. Rc7+ Kd4 {Precision: White = 61%, Black = 72%.} 1/2-1/2

[Event "36th Mitropa Cup Open 2018"]
[Site "Isola Capo Rizzuto"]
[Date "2018.06.02"]
[Round "3"]
[White "Hracek, Zbynek"]
[Black "Repka, Christopher"]
[Result "1/2-1/2"]
[WhiteElo "2575"]
[BlackElo "2534"]
[Annotator "TA"]
[PlyCount "33"]
[EventDate "2018.05.31"]
[EventType "team-tourn"]
[EventCountry "ITA"]
[SourceTitle "playchess.com"]
[Source "ChessBase"]
[SourceQuality "1"]
[WhiteTeam "Czech Republic"]
[BlackTeam "Slovakia"]
[WhiteTeamCountry "CZE"]
[BlackTeamCountry "SVK"]

{[%evp 23,33,17,24,25,45,45,55,12,26,20,45,15]} 1. e4 c5 2. Nf3 d6 3. d4 cxd4 4. Nxd4 Nf6 5. Nc3 a6 6. Be2 g6 7. O-O Bg7 8. a4 O-O 9. Be3 Nc6 10. Qd2 Bd7 {B90: Sicilian Najdorf: Unusual White 6th moves, 6 Be3 Ng4 and 6 Be3 e5} 11. Rfd1 Rc8 12. f3 Ne5 {LiveBook: 4 Games. The position is equal.} 13. a5 Nc4 14. Bxc4 $1 Rxc4 15. Nb3 Qc7 16. Bb6 Qb8 17. Qf2 $146 ({Predecessor:} 17. Rac1 Rfc8 18. Be3 {0-1 (55) Kyas,J (2195)-Iturrizaga Bonelli,E (2649) Caleta 2012}) 1/2-1/2

[Event "36th Mitropa Cup Open 2018"]
[Site "Isola Capo Rizzuto"]
[Date "2018.06.02"]
[Round "3"]
[White "Moroni, Luca Jr"]
[Black "Vogel, Roven"]
[Result "1-0"]
[WhiteElo "2549"]
[BlackElo "2467"]
[Annotator "TA"]
[PlyCount "61"]
[EventDate "2018.05.31"]
[EventType "team-tourn"]
[EventCountry "ITA"]
[SourceTitle "playchess.com"]
[Source "ChessBase"]
[SourceQuality "1"]
[WhiteTeam "Italy"]
[BlackTeam "Germany"]
[WhiteTeamCountry "ITA"]
[BlackTeamCountry "GER"]

{[%evp 22,61,14,0,0,0,-6,0,10,11,23,20,26,27,23,20,46,31,38,46,41,36,76,77,107,97,150,143,147,152,154,155,175,160,162,158,138,154,140,109,654,653]} 1. d4 d5 2. c4 c6 3. Nc3 Nf6 4. Nf3 a6 5. Qb3 dxc4 6. Qxc4 b5 7. Qd3 e6 8. e4 {D43: Damengambit (Botwinnik-Variante)} (8. Bg5 c5 9. a4 cxd4 10. Nxd4 bxa4 11. e3 Bb7 12. Be2 Nbd7 13. O-O Be7 14. Nxa4 O-O 15. Rfc1 Qa5 16. Bxf6 Nxf6 {½-½ (52) Lupulescu,C (2620)-Gelfand,B (2737) Heraklio 2017}) 8... c5 9. dxc5 Qxd3 10. Bxd3 Bxc5 11. e5 Nfd7 12. Be4 {LiveBook: 11 Partien} Ra7 13. O-O O-O 14. Bf4 Rc7 $146 ({Vorgänger:} 14... Bb7 15. Bxb7 Rxb7 {½-½ (40) Lalic,B (2495)-Dovramadjiev,T (2342) Petra 2010}) 15. Rac1 Bb6 16. b4 Bb7 17. Bxb7 $1 Rxb7 18. Ne4 Rc7 19. Rxc7 Bxc7 20. Rc1 Bd8 21. Be3 $36 {[%mdl 2048] Weiss hat Druck.} Be7 22. a3 Rd8 23. Kf1 f5 (23... Nf8 $142) 24. exf6 gxf6 25. Rc7 Kf7 26. g4 Ke8 27. Nd4 Nf8 28. Ke2 Rd7 29. Rc1 Kf7 30. Nc6 Rb7 $2 {[%mdl 8192] [#]} (30... Nxc6 $16 31. Rxc6 f5) 31. Nd8+ $1 {[%mdl 512] Precision: Weiß = 70%, Schwarz = 41%.} 1-0

[Event "36th Mitropa Cup Open 2018"]
[Site "Isola Capo Rizzuto"]
[Date "2018.06.02"]
[Round "3"]
[White "Kuljasevic, Davorin"]
[Black "Mihok, Oliver"]
[Result "1/2-1/2"]
[WhiteElo "2543"]
[BlackElo "2547"]
[Annotator "TA"]
[PlyCount "51"]
[EventDate "2018.05.31"]
[EventType "team-tourn"]
[EventCountry "ITA"]
[SourceTitle "playchess.com"]
[Source "ChessBase"]
[SourceQuality "1"]
[WhiteTeam "Croatia"]
[BlackTeam "Hungary"]
[WhiteTeamCountry "CRO"]
[BlackTeamCountry "HUN"]

{[%evp 30,51,20,21,22,15,22,-7,-1,-7,0,-41,0,-22,14,3,12,17,17,9,14,5,7,9]} 1. d4 d5 2. c4 c6 3. Nf3 Nf6 4. Nc3 e6 5. e3 Nbd7 6. Be2 Bd6 7. O-O O-O 8. b3 b6 9. Bb2 Bb7 10. Qc2 Qe7 11. Rfe1 Rfe8 12. Rad1 Rad8 13. Bf1 {D45: Semi-Slav: 5 e3} (13. e4 Nxe4 14. Nxe4 dxe4 15. Qxe4 Bb4 16. Rf1 Bd6 17. Rfe1 Bb4 18. Rf1 Bd6 19. Rfe1 Bb4 {½-½ (19) Radjabov,T (2748)-Carlsen,M (2843) Shamkir 2018}) 13... e5 14. dxe5 Nxe5 15. Nxe5 Qxe5 16. g3 $1 {[#] LiveBook: 3 Games. Nxd5 is the strong threat.} Qh5 {[#]} 17. Qe2 $146 ({Predecessor:} 17. Bg2 dxc4 18. bxc4 Bc8 19. Ne2 Ng4 20. h3 Ne5 21. Bxe5 Bxe5 {1-0 (34) Hracek,Z (2606)-Schulz,K (2385) Germany 2010}) 17... Qxe2 ({Much weaker is} 17... Ng4 18. h3 $16) 18. Bxe2 (18. Rxe2 {feels hotter.} dxc4 19. Red2 Bc7 20. Bxc4 Rxd2 21. Rxd2 Rd8 22. Rxd8+ Bxd8 23. Be2) 18... dxc4 19. Bxc4 Be5 20. f4 Bc7 21. Rxd8 {The position is equal.} Rxd8 22. Rd1 Rxd1+ 23. Nxd1 Ne4 24. Bd3 c5 25. Nc3 Nxc3 26. Bxc3 1/2-1/2

[Event "36th Mitropa Cup Open 2018"]
[Site "Isola Capo Rizzuto"]
[Date "2018.06.02"]
[Round "3"]
[White "Kollars, Dmitrij"]
[Black "Godena, Michele"]
[Result "1/2-1/2"]
[WhiteElo "2538"]
[BlackElo "2506"]
[Annotator "TA"]
[PlyCount "195"]
[EventDate "2018.05.31"]
[EventType "team-tourn"]
[EventCountry "ITA"]
[SourceTitle "playchess.com"]
[Source "ChessBase"]
[SourceQuality "1"]
[WhiteTeam "Germany"]
[BlackTeam "Italy"]
[WhiteTeamCountry "GER"]
[BlackTeamCountry "ITA"]

{[%evp 30,195,36,28,22,27,26,35,41,-112,93,41,120,119,633,637,759,483,492,493,488,461,481,456,756,737,1219,622,802,802,780,778,1075,312,289,301,335,320,406,409,405,405,379,343,345,316,316,310,385,307,299,281,273,261,271,278,275,259,305,316,298,247,275,275,323,314,294,172,206,195,185,208,210,199,190,182,194,187,356,354,356,135,110,68,68,68,93,68,196,68,68,68,68,68,256,67,77,0,0,0,58,58,65,57,65,65,64,64,64,64,68,68,68,68,68,68,68,68,68,68,68,68,68,68,68,68,68,68,68,68,68,68,68,68,68,68,68,68,68,68,68,68,68,68,68,68,68,68,68,68,68,68,68,68,68,68,68,68,68,68,68,68,68,68,68,68,69,0]} 1. e4 e5 2. Nf3 Nc6 3. Bb5 a6 4. Ba4 Nf6 5. O-O b5 6. Bb3 Bc5 7. a4 Bb7 8. c3 d6 9. d4 Bb6 10. Re1 O-O 11. Bg5 h6 12. Bh4 exd4 {C78: Spanische Partie (Archangelsk- und Möller-Variante)} (12... Re8 13. d5 Na5 14. Ba2 g5 15. Bg3 c6 16. axb5 axb5 17. Na3 Nc4 18. Nxc4 bxc4 19. Nd2 cxd5 20. exd5 Bxd5 21. Bxc4 Rxa1 22. Qxa1 {½-½ (46) Areshchenko,A (2686)-Sunilduth Lyna,N (2551) Dubai 2017}) 13. cxd4 g5 14. Nxg5 hxg5 15. Bxg5 Nxd4 {[#]} 16. Bd5 $1 {[%cal Rd5b7][%mdl 512] LiveBook: 5 Partien} c6 (16... Bxd5 17. exd5) 17. Ra3 $1 {[%cal Ra3g3] Und Tg3 würde nun gewinnen.} Re8 18. Rg3 {jetzt Lxf6+ und aus.} Kf8 {[#]} 19. Bh6+ (19. a5 $1 $14 {[%mdl 512]} Ba7 (19... Bxa5 20. Qxd4) 20. Bh6+ Ke7 21. Bxf7 Kxf7 22. Rg7+ Kf8 23. Rd7+ Kg8 24. Rxd8 Raxd8 25. Bg5) 19... Ke7 $16 {[#]} 20. Bxf7 $1 $40 {[%mdl 640] Weiss hat was vor.} Rh8 $146 (20... Rf8 $1 $14 21. Bxf8+ Qxf8) (20... Kxf7 21. Rg7+) 21. e5 $1 {[%cal Re5f6]} Rxh6 $4 {[%mdl 8192]} (21... dxe5 $16 22. Rxe5+ Kd7) 22. exf6+ $18 Kxf7 23. Qg4 {[%csl Gf6,Gg3][%cal Rg4g7]} Qxf6 (23... Nf5 24. Qxf5 Qxf6 25. Qd7+ Kf8 26. Rf3) 24. Qd7+ Kf8 25. Qxb7 Rd8 26. Qxb6 b4 (26... Rd7 $142 27. Nd2 c5 28. Qxa6 Rd8 29. axb5 Qf7) 27. Nd2 d5 28. Rd3 Nf5 29. Rf3 Rd7 30. Nf1 Rf7 31. Qxb4+ $2 (31. Qb8+ Kg7 32. Ng3) 31... Qd6 32. Qd2 Rhf6 33. Rh3 Kg8 34. Re8+ Rf8 35. Qg5+ Ng7 36. Rg3 {[%csl Gg3][%cal Rg5g7]} R6f7 37. Rxf8+ Kxf8 38. Rh3 {[%cal Rh3h8]} Rf5 39. Qg4 ({Jedoch nicht} 39. Rh8+ Kf7 $18) 39... Qf4 40. Qxf4 Rxf4 {[%mdl 4096] Endspiel KTS-KTS} 41. Rc3 Rf6 42. Nd2 Ke7 43. Nb3 Kd6 44. Na5 Kd7 45. g4 Rf4 46. f3 ({Nicht} 46. Nxc6 Rxg4+ 47. Kf1 Rxa4 $16) 46... Rxa4 47. Nxc6 Kd6 48. h4 (48. Nd8 $142) 48... d4 49. Rc1 Ne6 50. b3 Ra3 51. Re1 d3 52. Ne5 Rxb3 53. Kf2 $1 Nf4 $2 {[#]} (53... Rb2+ {war nötig.} 54. Kf1 Rb3 55. Nf7+ Kd7) 54. Re4 $1 Nd5 55. Nc4+ $2 (55. g5 $18 {und Weiss behält klar die Oberhand.}) 55... Kc5 $16 56. Nd2 Rb2 57. Ke1 Rc2 $1 58. Nb3+ Kb6 (58... Kd6 $14) 59. Rd4 (59. Re5 $18 Nc3 60. Nd2) 59... Re2+ $14 60. Kf1 Ne3+ 61. Kg1 Rg2+ $1 62. Kh1 Rf2 $1 {[#]} 63. Rd6+ (63. h5 $1 $16 {[%cal Rh5h6] zielt auf h6 ab.} Rxf3 64. Kh2 (64. Rxd3 Rg3 $11)) 63... Kc7 $11 64. Rxd3 Rxf3 (64... Rf1+ $1 $11 65. Kh2 Rxf3) 65. g5 $14 {Droht Sc5 und aus.Weiß steht etwas besser.} Rh3+ 66. Kg1 Rxh4 67. Rxe3 {KTS-KT} Rg4+ 68. Kf2 Rxg5 69. Re6 a5 70. Ke2 a4 71. Nd4 Ra5 72. Kd3 a3 73. Re1 a2 74. Nb3 Ra8 75. Kc4 Kd6 76. Na1 Ra4+ 77. Kb3 Ra8 78. Nc2 Kc5 79. Na3 Rb8+ 80. Kxa2 Kd5 81. Rc1 Rb4 82. Rc8 Rb7 83. Nc2 Rb6 84. Ka3 Rb1 85. Nb4+ Ke5 86. Ka4 Kd4 87. Kb5 Rh1 88. Rc4+ Ke5 89. Kc5 Rh8 90. Nc6+ Ke6 91. Re4+ Kf5 92. Kd5 Ra8 93. Re1 Ra2 94. Rf1+ Kg5 95. Nd4 Ra8 96. Ke5 Ra5+ 97. Ke4 Ra4 98. Ke5 {Precision: Weiß = 73%, Schwarz = 54%.} ({Besser ist} 98. Kd3 $14) 1/2-1/2